Paroles - Roméo & Juliette - Aimer - Statistiques

Statistiques générales
  • Ce quiz a été pris 700 fois
  • Le résultat moyen est 160 sur 179
Statistiques - réponses
Paroles % Correct
a
100%
à
100%
Aimer,
99%
Aimer
99%
Aimer...
99%
ce
99%
c'est
99%
de
99%
plus
99%
qu'i
99%
beau
98%
qu'il
98%
y
98%
Et
97%
et
97%
le
97%
des
96%
les
96%
haut
95%
haut,
95%
oiseaux,
95%
oiseaux
95%
si
93%
ailes
92%
toucher
92%
monter
89%
temps
81%
que
80%
tout
79%
fort
77%
coeur
76%
grand
76%
au
73%
Donner,
71%
donner
71%
d'un
71%
d'un
71%
volcan
71%
nous
69%
son
68%
vivant
68%
rester
66%
brûler
65%
voler
65%
meilleur
64%
sa
64%
pour
61%
un
61%
avoir
58%
ses
56%
sentir
55%
vie
55%
peur
53%
moins
50%
sens
49%
nuits
41%
payer
27%
prix
27%
Aucun quiz correspondant
Distribution des résultats
% des personnes avec chaque résultat
Percentile par nombre de réponses
Votre historique - résultats
Vous n’avez pas pris ce quiz